000 01549cam a22002891 4500
001 e 43000109
003 DLC
005 20260227111231.0
008 790504s1943 dcu 000 0 eng
010 _ae 43000109
035 _a(OCoLC)4927122
040 _aDLC
_cOk
_dOCoLC
_dDLC
050 0 0 _aL111
_b.A6 1942, no. 2
082 _a016.918
100 1 _aLassalle, Emilie Dew Sandsten,
_d1903-
245 1 0 _aArts, crafts and customs of our neighbor republics;
_ba bibliography.
_cCompiled by Emilie Sandsten Lassalle. Under the direction of Nora Beust, senior specialist in library materials. Library service division in cooperation with the Office of the coordinator of inter-American affairs.
260 _a[Washington, D.C.,
_bU.S. Govt. print. off.,
_c1943]
300 _a52 p.
_c23 cm.
490 0 _aU.S. Office of education. Bulletin 1942,
_vno. 2
500 _aA preliminary report was issued in mimeographed form, without series title, in 1942.
500 _a"Federal security agency. Paul V. McNutt, administrator. U. S. Office of education, John W. Strudebaker, commissioner."--p. [2] of cover.
501 _aCopy 2 with: Opportunities for the preparation of teachers in health education / Earl E. Kleinschmidt. Washington : U.S. Govt. Print. Off., 1942. Bound together subsequent to publication.
_5DLC
651 0 _aLatin America
_vBibliography.
650 0 _aArt, Latin American
_vBibliography.
651 0 _aLatin America
_xSocial life and customs
_vBibliography.
710 1 _aUnited States.
_bOffice of Inter-American Affairs.
999 _c21928
_d21928